| 000 | 00704nam a22002297a 4500 | ||
|---|---|---|---|
| 005 | 20170124110012.0 | ||
| 010 | _aA-493644 | ||
| 020 |
_c00.00 _a8170186684 |
||
| 035 | _aA-493644 | ||
| 037 | _bCen Lib/Ret | ||
| 040 |
_aDPL _bEN |
||
| 082 |
_a371.3 _bBOU |
||
| 100 |
_aBourai, H. H. A. _973204 |
||
| 245 |
_aDynamic teaching / _cby H. H. A. Bourai |
||
| 260 |
_aNew Delhi _bD. K. Publishers _c1991 |
||
| 270 |
_a1, Ansari Road, Darya Ganj _bNew Delhi _e110002 |
||
| 300 |
_axxiv,267p. _c21cm(Hb) |
||
| 500 | _aIncludes bibliographical reference and index | ||
| 650 |
_aTeaching--Aids and devices _98965 |
||
| 650 |
_aTechnical education _925979 |
||
| 942 |
_2ddc _cEN _h371.3 _mBOU |
||
| 999 |
_c126586 _d126586 |
||